00568pab a2200169 454500008004000000100002600040245010200066260000900168300001700177650001700194700001900211773002600230908000600256909001100262999001900273952010600292180718b2013 xxu||||| |||| 00| 0 eng d aBallegooijen, Jan Van aThe ideologies of informality: informal urbanisation in the architectural and planning discourses c2013 ap.1794-1810. aUrbanization aRocco, Roberto aThird World Quarterly aN a102851 c102849d102849 00104070aIIPAbIIPAd2018-07-19hVolume no: 34, Issue no: 10pAR103311r2018-07-19w2018-07-19yAR